| 000 | 01081nam a2200217Ia 4500 | ||
|---|---|---|---|
| 999 |
_c37434 _d37434 |
||
| 001 | 3393 | ||
| 003 | GE_BSU | ||
| 005 | 20190607162047.0 | ||
| 008 | 181216s1981|||| |||||||||||||| ||geo|| | ||
| 040 | _cGE_BSU | ||
| 041 | _ageo | ||
| 080 | _a620.1:539.3(075.8) ჩ–65 | ||
| 100 |
_aჩირაძე, ლ. _9524 |
||
| 245 |
_aსაანგარიშო–საპროექტო სამუშაოები მასალათა გამძლეობაში : დამხმ. სახელმძღ. / _cლ. ჩირაძე ; ა.მჭედლიშვილი ; რედ: ე.გიორგაძე. |
||
| 264 |
_aთბილისი : _bსპი, _c1981. |
||
| 300 |
_a125 გვ .: _bცხრ. _c20 სმ. |
||
| 653 | _aსაანგარიშო–საპროექტო სამუშაოები მასალათა გამძლეობაში | ||
| 700 |
_aმჭედლიშვილი, ა. _92197 |
||
| 700 |
_aგიორგაძე, ე _eრედაქტორი _9398 |
||
| 942 |
_cBK _2udc |
||